00457nam a2200157 a 4500020001800000082001500018100001900033245005400052260004500106300000900151500003500160505002900195505003100224650002500255700001900280 a3-11-009834-200a200.18 WAH aWhaling, Frank aContemporary Approaches to the Study of Religion. aBerlin/new YorkbMouton Publishersc1985 a491p aincludes index and biblioraphy2 aGlossary, Biblio., Index2 aGlossary, Biblio., Index00 aMethodology-religion1 aWhaling, Frank